<?xml version="1.0" encoding="UTF-8"?><?xml-stylesheet type="text/xsl" href="static/style.xsl"?><OAI-PMH xmlns="http://www.openarchives.org/OAI/2.0/" xmlns:xsi="http://www.w3.org/2001/XMLSchema-instance" xsi:schemaLocation="http://www.openarchives.org/OAI/2.0/ http://www.openarchives.org/OAI/2.0/OAI-PMH.xsd"><responseDate>2026-04-27T22:00:21Z</responseDate><request verb="GetRecord" identifier="oai:uvadoc.uva.es:10324/61878" metadataPrefix="marc">https://uvadoc.uva.es/oai/request</request><GetRecord><record><header><identifier>oai:uvadoc.uva.es:10324/61878</identifier><datestamp>2023-10-04T19:00:50Z</datestamp><setSpec>com_10324_29292</setSpec><setSpec>com_10324_29291</setSpec><setSpec>col_10324_29293</setSpec></header><metadata><record xmlns="http://www.loc.gov/MARC21/slim" xmlns:doc="http://www.lyncode.com/xoai" xmlns:xsi="http://www.w3.org/2001/XMLSchema-instance" xmlns:dcterms="http://purl.org/dc/terms/" xsi:schemaLocation="http://www.loc.gov/MARC21/slim http://www.loc.gov/standards/marcxml/schema/MARC21slim.xsd">
<leader>00925njm 22002777a 4500</leader>
<datafield tag="042" ind1=" " ind2=" ">
<subfield code="a">dc</subfield>
</datafield>
<datafield tag="720" ind1=" " ind2=" ">
<subfield code="a">Ayuso Lanchares, Alba</subfield>
<subfield code="e">author</subfield>
</datafield>
<datafield tag="720" ind1=" " ind2=" ">
<subfield code="a">Ruiz Requies, Inés</subfield>
<subfield code="e">author</subfield>
</datafield>
<datafield tag="720" ind1=" " ind2=" ">
<subfield code="a">Santiago Pardo, Rosa Belén</subfield>
<subfield code="e">author</subfield>
</datafield>
<datafield tag="260" ind1=" " ind2=" ">
<subfield code="c">2023</subfield>
</datafield>
<datafield tag="520" ind1=" " ind2=" ">
<subfield code="a">El presente libro, Guía de Evaluación del Lenguaje Escrito, es la continuación del libro Guía de Evaluación del Lenguaje Oral. Es fruto del Proyecto de Innovación Docente Guía de Evaluación del Lenguaje Escrito; desarrollado en las aulas del Grado en Educación Primaria, Grado en Educación Infantil, Doble Grado en Educación Infantil y Primaria y del Grado en Logopedia de la Universidad de Valladolid durante el curso escolar 2022-2023, en Segovia, Palencia y Valladolid. En este libro se incluye la explicación de 9 pruebas de evaluación. Todos los capítulos se componen de los mismos puntos: descripción del test en la que se exponen las características y aspectos prácticos; señalando la aplicación de la prueba, su corrección e interpretación, sus principales aplicaciones y otros instrumentos similares haciendo hincapié en las diferencias y semejanzas con la prueba que se esté explicando; asimismo, también se comentan las dificultades que encuentran los alumnos al aplicar estas pruebas y las posibles soluciones existentes; finalmente, se incluye un ejemplo de informe utilizando la prueba y en algunas ocasiones se incluye una grabación de audio en la que se escucha cómo se ha aplicado la prueba.</subfield>
</datafield>
<datafield tag="024" ind2=" " ind1="8">
<subfield code="a">Ayuso Lanchares, Alba; Ruiz Requies Inés; Santiago Pardo, Rosa Belén (coords.). Guía de evaluación del lenguaje escrito. Ediciones Universidad de Valladolid, 2023.</subfield>
</datafield>
<datafield tag="024" ind2=" " ind1="8">
<subfield code="a">978-84-1320-262-4</subfield>
</datafield>
<datafield tag="024" ind2=" " ind1="8">
<subfield code="a">https://uvadoc.uva.es/handle/10324/61878</subfield>
</datafield>
<datafield ind1=" " ind2=" " tag="653">
<subfield code="a">Lenguaje</subfield>
</datafield>
<datafield ind1=" " ind2=" " tag="653">
<subfield code="a">Logopedia</subfield>
</datafield>
<datafield ind1=" " ind2=" " tag="653">
<subfield code="a">Educación</subfield>
</datafield>
<datafield tag="245" ind1="0" ind2="0">
<subfield code="a">Guía de evaluación del lenguaje escrito</subfield>
</datafield>
</record></metadata></record></GetRecord></OAI-PMH>